Lana Del Rey - God Knows I Tried Lyrics - Statistics

General Stats
  • This quiz has been taken 83 times
  • The average score is 218 of 257
Answer Stats
Answer % Correct
I
100%
God
98%
knows
98%
tried
98%
the
90%
live
88%
that
88%
and
85%
And
85%
in
85%
it
85%
morning
85%
so
85%
So
85%
To
85%
to
85%
up
85%
But
83%
It's
83%
me
83%
my
83%
Sometimes
83%
wake
83%
be
80%
blue
80%
I'm
80%
lived
80%
no
80%
on
80%
On
80%
by
78%
California"
78%
for
78%
"Hotel
78%
light
78%
Light
78%
when
78%
like
75%
red
75%
they
75%
yellow
75%
could
73%
died
73%
Friday
73%
got
73%
life
73%
Monday
73%
skies
73%
begged
70%
Begged
70%
drink
70%
feel
70%
I've
70%
let
70%
Let
70%
lied
70%
name
70%
nobody
70%
Put
70%
since
70%
sunrise
70%
tequila
70%
crazy
68%
cried
68%
Ever
68%
gave
68%
nothing
68%
see
68%
borrowed
65%
destroy
65%
loved
65%
much
65%
one
65%
revived
65%
there
65%
found
63%
free
63%
fame
60%
Wear
60%
rain
55%
around
53%
Dance
53%
insane
53%
lights
48%
lost
48%
blinders
45%
No matching quizzes found
Score Distribution
Percent of People with Each Score
Percentile by Number Answered
Your Score History
You have not taken this quiz